A handbook of jazz /

Saved in:
Bibliographic Details
Main Author: Ulanov, Barry
Format: Book
Language:English
Published: London ; New York : Hutchinson, 1958.
Subjects:
LEADER 00861cam a2200253 a 4500
001 c000411241
003 CARM
005 00000000000000.0
008 920820s1958 enk 001 0 eng d
015 |a GB58-11895 
019 1 |a 43652705 
035 |a (OCoLC)26459750 
040 |a AKB  |c AKB  |d GZE  |d UKM 
050 0 0 |a ML3561.J3  |b U38 1958 
082 0 4 |a 781.65 
100 1 |a Ulanov, Barry. 
245 1 2 |a A handbook of jazz /  |c Barry Ulanov ; foreword by Kingsley Amis. 
260 |a London ;  |a New York :  |b Hutchinson,  |c 1958. 
300 |a 203 p. ;  |c 22 cm. 
500 |a Includes index. 
650 0 |a Jazz  |x History and criticism. 
852 8 |b CARM  |h A3:AF28B0  |i B11985  |p 0567660  |f BK 
999 f f |i 4cfec411-03fd-5bc7-8bb9-407801344f8c  |s f2425f52-f930-5290-9756-5b01e7d5e287 
952 f f |p Can circulate  |a CAVAL  |b CAVAL  |c CAVAL  |d CARM 1 Store  |e B11985  |f A3:AF28B0  |h Other scheme  |i book  |m 0567660